[Event "73rd ch-RUS 2020"]
[Site "Moscow RUS"]
[Date "2020.12.05"]
[Round "1.5"]
[White "Fedoseev,Vl3"]
[Black "Chigaev,M"]
[Result "1/2-1/2"]
[WhiteElo "2674"]
[BlackElo "2619"]

1.d4 Nf6 2.c4 g6 3.Nc3 d5 4.Nf3 Bg7 5.h4 dxc4 6.e4 c5 7.d5 O-O 8.Bxc4 b5
9.Bxb5 Nxe4 10.Nxe4 Qa5+ 11.Nc3 Bxc3+ 12.bxc3 Qxb5 13.h5 Qc4 14.hxg6 fxg6
15.Rh4 Qxc3+ 16.Bd2 Qd3 17.Bh6 Qxd1+ 18.Rxd1 Rf5 19.Re4 Nd7 20.Rxe7 Rh5 21.Be3 Nf6
22.d6 Bg4 23.Rd3 Nd5 24.Re5 Nb4 25.Rd2 Bxf3 26.Rxh5 Bxh5 27.d7 Nc6 28.f3 g5
29.Bxg5 Bf7 30.a3 Nd8 31.Re2 Nc6 32.Rd2 Nd8 33.Re2 Nc6 34.Rd2 Nd8  1/2-1/2

[Event "73rd ch-RUS 2020"]
[Site "Moscow RUS"]
[Date "2020.12.05"]
[Round "1.4"]
[White "Nepomniachtchi,I"]
[Black "Matlakov,M"]
[Result "1-0"]
[WhiteElo "2784"]
[BlackElo "2698"]

1.d4 Nf6 2.c4 e6 3.Nc3 d5 4.cxd5 exd5 5.Bg5 Bb4 6.e3 h6 7.Bh4 g5 8.Bg3 Ne4
9.Ne2 h5 10.h4 Nxg3 11.Nxg3 gxh4 12.Nxh5 Qg5 13.Qa4+ Nc6 14.Nf4 Rh6 15.Qb5 Bf5
16.Nxd5 a6 17.Qa4 Bd6 18.O-O-O Kf8 19.f4 Qg6 20.Be2 Re8 21.Bf3 b5 22.Qxa6 Nb8
23.Qb7 c6 24.Nc7 Rc8 25.e4 Bxc7 26.exf5 Qxf5 27.Be4 Qd7 28.Kb1 Bxf4 29.Qb6 Qd6
30.Rhf1 Nd7 31.Qa6 Re8 32.Bc2 Nf6 33.a3 Qc7 34.d5 Nxd5 35.Nxd5 cxd5 36.Qxb5 Rb6
37.Qxd5 Qc3 38.b4 Rf6 39.Rxf4  1-0

[Event "73rd ch-RUS 2020"]
[Site "Moscow RUS"]
[Date "2020.12.05"]
[Round "1.3"]
[White "Goganov,A"]
[Black "Svidler,P"]
[Result "1/2-1/2"]
[WhiteElo "2594"]
[BlackElo "2723"]

1.d4 Nf6 2.c4 g6 3.Nc3 d5 4.cxd5 Nxd5 5.Bd2 Nb6 6.Nf3 Bg7 7.Bf4 O-O 8.Be5 Bxe5
9.Nxe5 N8d7 10.Nd3 e5 11.dxe5 Qe7 12.g3 Nxe5 13.Nxe5 Qxe5 14.Bg2 c6 15.O-O Be6
16.Qc2 Rfd8 17.Rad1 a5 18.Rxd8+ Rxd8 19.Rd1 Rxd1+ 20.Qxd1 Nc4 21.Qc1 Nd6
22.Qd2 Nc4 23.Qc1 Nd6 24.Qd2 Nc4 25.Qc1  1/2-1/2

[Event "73rd ch-RUS 2020"]
[Site "Moscow RUS"]
[Date "2020.12.05"]
[Round "1.1"]
[White "Antipov,M2"]
[Black "Karjakin,Sergey"]
[Result "0-1"]
[WhiteElo "2611"]
[BlackElo "2752"]

1.e4 e5 2.Nf3 Nc6 3.Bc4 Bc5 4.d3 Nf6 5.Bg5 Be7 6.Nc3 d6 7.a4 O-O 8.h3 Be6
9.Bxf6 Bxf6 10.Bxe6 fxe6 11.Ne2 Qd7 12.c3 Rf7 13.h4 Raf8 14.b4 Kh8 15.Ra2 Bd8
16.Neg1 Ne7 17.Ng5 Rf6 18.Kf1 c5 19.bxc5 dxc5 20.N5f3 Nc6 21.Rd2 Ba5 22.Qb3 a6
23.Rd1 h6 24.h5 Kh7 25.Qc4 Qd6 26.Ne2 Rb8 27.Rb1 Bc7 28.Rh3 Na5 29.Qa2 b5
30.axb5 axb5 31.Rd1 b4 32.cxb4 cxb4 33.d4 b3 34.Qb1 Qb6 35.dxe5 Rf7 36.g4 b2
37.g5 Kh8 38.gxh6 gxh6 39.Ned4 Nc6 40.Nxc6 Qxc6 41.Nh4 Qc4+ 42.Rhd3 Rb3 43.Ng6+ Kg7
44.Kg1 Rxd3 45.Rxd3 Qc1+  0-1

[Event "73rd ch-RUS 2020"]
[Site "Moscow RUS"]
[Date "2020.12.06"]
[Round "2.3"]
[White "Matlakov,M"]
[Black "Fedoseev,Vl3"]
[Result "0-1"]
[WhiteElo "2698"]
[BlackElo "2674"]

1.e4 e5 2.Nf3 Nc6 3.d4 exd4 4.Nxd4 Bc5 5.Nb3 Bb4+ 6.c3 Be7 7.Bf4 d6 8.N1d2 Bg5
9.Bg3 Nge7 10.f4 Bh6 11.Qf3 O-O 12.Bf2 f5 13.exf5 Nxf5 14.O-O-O Kh8 15.h4 Nfe7
16.g3 Ne5 17.Qg2 Bd7 18.Rg1 Bc6 19.Qh3 Qe8 20.Be2 Nd5 21.Rge1 Qg6 22.Bd4 Bxf4
23.gxf4 Nxf4 24.h5 Qg5 25.Qe3 Rae8 26.Bf1 Ng4 27.Qg1 Bf3 28.h6 Qxh6 29.Rxe8 Rxe8
30.Bb5 Bxd1 31.Qxd1 c6 32.Bf1 Nh2 33.Bc4 b5 34.Bf7 Re1  0-1

[Event "73rd ch-RUS 2020"]
[Site "Moscow RUS"]
[Date "2020.12.06"]
[Round "2.1"]
[White "Karjakin,Sergey"]
[Black "Esipenko,Andrey"]
[Result "1/2-1/2"]
[WhiteElo "2752"]
[BlackElo "2686"]

1.e4 e5 2.Nf3 Nf6 3.Nxe5 d6 4.Nf3 Nxe4 5.d4 d5 6.Bd3 Bd6 7.O-O O-O 8.c4 c6
9.Nc3 Nxc3 10.bxc3 dxc4 11.Bxc4 Bf5 12.Bg5 Qa5 13.d5 Qc5 14.Bb3 cxd5 15.Be3 Qc7
16.Qxd5 Be6 17.Qh5 Bxb3 18.axb3 Qxc3 19.Bd4 Qc2 20.Rfc1 Qg6 21.Qxg6 hxg6
22.Bxa7 Nc6 23.Be3 Be7 24.g3 Rxa1 25.Rxa1 Rd8 26.Kf1 Rd5 27.Rc1 Rb5 28.Nd4 Nxd4
29.Bxd4 Rb4 30.Rc4 Rxb3 31.Rc8+ Kh7 32.Rc7 Rb4 33.Rxe7 Rxd4 34.Rxf7 b5 35.Rb7 b4
36.h4 Rc4 37.Kg2 Rd4 38.Kh3 Rd2 39.f4 Rb2 40.Kg4 b3 41.Kg5 Rb1 42.Rb8 Rb2
43.Rb6 Rb1 44.Kg4 Rb2 45.Kg5 Rb1 46.Rb8 Rb2 47.Rb5 Rb1 48.Kg4 Kh6 49.Rb4 Kh7
50.Kg5 b2 51.g4 Rc1 52.Rxb2 Rc5+ 53.f5 gxf5 54.gxf5 Rc1 55.Rg2 Rf1 56.h5 Rh1
57.Rg4  1/2-1/2

[Event "73rd ch-RUS 2020"]
[Site "Moscow RUS"]
[Date "2020.12.06"]
[Round "2.4"]
[White "Svidler,P"]
[Black "Nepomniachtchi,I"]
[Result "1/2-1/2"]
[WhiteElo "2723"]
[BlackElo "2784"]

1.e4 c5 2.Nf3 d6 3.d4 cxd4 4.Nxd4 Nf6 5.Nc3 a6 6.Nb3 e6 7.g4 b5 8.Bg2 Bb7
9.g5 Nfd7 10.h4 b4 11.Ne2 Nc6 12.O-O h6 13.g6 Qxh4 14.gxf7+ Kxf7 15.a3 a5
16.axb4 axb4 17.Rxa8 Bxa8 18.f4 Nf6 19.f5 e5 20.Rf3 d5 21.Rh3 Qg4 22.Rg3 Qh4
23.Rh3 Qg4 24.Rg3 Qh4 25.Rh3  1/2-1/2

[Event "73rd ch-RUS 2020"]
[Site "Moscow RUS"]
[Date "2020.12.06"]
[Round "2.5"]
[White "Artemiev,V"]
[Black "Goganov,A"]
[Result "1/2-1/2"]
[WhiteElo "2711"]
[BlackElo "2594"]

1.c4 c5 2.g3 g6 3.Bg2 Bg7 4.Nc3 Nc6 5.d3 d6 6.Bd2 e6 7.Qc1 Qd7 8.Nf3 b6 9.O-O Bb7
10.Rd1 Rc8 11.a3 Nf6 12.Bh6 O-O 13.b4 e5 14.Bg5 Ne8 15.Nd5 f6 16.Bh6 Nc7
17.Bxg7 Kxg7 18.e3 Ne7 19.Nc3 Ne6 20.Qb2 Bc6 21.b5 Bb7 22.a4 Rce8 23.a5 Nc8
24.a6 Bxf3 25.Bxf3 Ne7 26.Bg2 Qc7 27.Rf1 Kh8 28.Rae1 Nf5 29.Bc6 Rd8 30.f4 Qg7
31.Rf2 exf4 32.exf4 Nfd4 33.Rff1 f5 34.Re3 Nxc6 35.Rxe6 Nb4 36.Na4 Nxd3 37.Qc3 Qxc3
38.Nxc3 Rf7 39.Nd5 Nb4 40.Nxb4 cxb4 41.Rb1 d5 42.Rxb4 dxc4 43.Rxc4 Rd5 44.Rec6 Rdd7  1/2-1/2

[Event "73rd ch-RUS 2020"]
[Site "Moscow RUS"]
[Date "2020.12.07"]
[Round "3.6"]
[White "Esipenko,Andrey"]
[Black "Chigaev,M"]
[Result "1/2-1/2"]
[WhiteElo "2686"]
[BlackElo "2619"]

1.e4 e5 2.Nf3 Nc6 3.Bb5 a6 4.Ba4 Nf6 5.O-O Be7 6.d3 d6 7.c3 O-O 8.Re1 Re8
9.Nbd2 Bf8 10.Nf1 h6 11.Ng3 b5 12.Bb3 Be6 13.d4 Bxb3 14.Qxb3 d5 15.dxe5 dxe4
16.Rd1 Qc8 17.exf6 exf3 18.Qd5 Ne5 19.Bf4 c6 20.Qe4 Nc4 21.Qxf3 g5 22.Bc1 Qe6
23.b3 Rad8 24.Rf1 Ne5 25.Qf5 Ng4 26.h3 Qxf5 27.Nxf5 Nxf6 28.c4 Ne4 29.Be3 Nd6
30.Nxd6 Rxd6 31.cxb5 cxb5 32.g4 f5 33.gxf5 Re5 34.Rac1 Rxf5 35.Rc8 Re6 36.Rd1 Kf7
37.Rd7+ Kg6 38.Ra7 Rf7 39.Rxf7 Kxf7 40.Kg2 Ba3  1/2-1/2

[Event "73rd ch-RUS 2020"]
[Site "Moscow RUS"]
[Date "2020.12.07"]
[Round "3.4"]
[White "Fedoseev,Vl3"]
[Black "Svidler,P"]
[Result "1/2-1/2"]
[WhiteElo "2674"]
[BlackElo "2723"]

1.d4 Nf6 2.c4 g6 3.Nc3 d5 4.cxd5 Nxd5 5.e4 Nxc3 6.bxc3 Bg7 7.Nf3 c5 8.Be3 Qa5
9.Qd2 Nc6 10.Rb1 a6 11.Rc1 cxd4 12.cxd4 Qxd2+ 13.Kxd2 e6 14.Bd3 O-O 15.h4 h6
16.e5 Rd8 17.h5 g5 18.Nxg5 Nxd4 19.Ne4 Bxe5 20.Bxh6 f5 21.Nc5 Nc6 22.g4 Bb2
23.Rc2 Ba3 24.gxf5 exf5 25.Rg1+ Kh7 26.Be3 Nb4 27.Rc3 Nxd3 28.Rxd3 Rxd3+
29.Nxd3 Be6 30.Rg6 Re8 31.Bc5 Bxc5 32.Nxc5 Bxa2 33.Nxb7 Re6 34.Rxe6 Bxe6
35.Nc5 Bf7 36.Nxa6 Bxh5 37.f4 Kg7 38.Nc5 Kf6 39.Nd3 Be8 40.Ne5 Bb5 41.Ke3  1/2-1/2

[Event "73rd ch-RUS 2020"]
[Site "Moscow RUS"]
[Date "2020.12.07"]
[Round "3.2"]
[White "Goganov,A"]
[Black "Antipov,M2"]
[Result "1/2-1/2"]
[WhiteElo "2594"]
[BlackElo "2611"]

1.d4 Nf6 2.c4 g6 3.Nc3 d5 4.Nf3 Bg7 5.Qb3 dxc4 6.Qxc4 O-O 7.e4 a6 8.Be2 b5
9.Qb3 c5 10.dxc5 Bb7 11.e5 Nfd7 12.Be3 Nxe5 13.Rd1 Qc7 14.Nd5 Bxd5 15.Qxd5 Nbc6
16.Nxe5 Bxe5 17.Bf3 Rfc8 18.Qxc6 Qxc6 19.Bxc6 Rxc6 20.Rd2 f5 21.f4 Bf6 22.Ke2 Kf7
23.h3 h6 24.g4 Rh8 25.gxf5 gxf5 26.Kf3 Rg8 27.Bf2 Rgc8 28.Rhd1 R8c7 29.Rc2 Ke8
30.b4 Ra7 31.Rd3 Ra8 32.Be3 Kf7 33.a3 a5 34.a4 Rb8 35.bxa5 bxa4 36.Ra3 Rb3
37.Rxa4 Re6 38.Re2 Bh4 39.a6 Rg6 40.Rg2 Re6 41.Re2  1/2-1/2

[Event "73rd ch-RUS 2020"]
[Site "Moscow RUS"]
[Date "2020.12.07"]
[Round "3.3"]
[White "Nepomniachtchi,I"]
[Black "Artemiev,V"]
[Result "1/2-1/2"]
[WhiteElo "2784"]
[BlackElo "2711"]

1.e4 e5 2.Nf3 Nc6 3.Bb5 a6 4.Ba4 Nf6 5.O-O d6 6.c3 Nxe4 7.d4 Bd7 8.Re1 Nf6
9.Bxc6 Bxc6 10.dxe5 dxe5 11.Qxd8+ Kxd8 12.Nxe5 Be8 13.Bg5 h6 14.Bxf6+ gxf6
15.Ng4 Be7 16.Nd2 Bd7 17.Ne3 c6 18.Rad1 b5 19.Nb3 Re8 20.f4 Kc7 21.Nd4 Bf8
22.Kf2 Re4 23.g3 Bc5 24.Nec2 Rxe1 25.Rxe1 a5 26.a3 h5 27.Kf3 Bg4+ 28.Kg2 Bd7
29.Kf3 Bg4+ 30.Kg2 Bd7 31.Kf3 Bg4+  1/2-1/2

[Event "73rd ch-RUS 2020"]
[Site "Moscow RUS"]
[Date "2020.12.08"]
[Round "4.1"]
[White "Karjakin,Sergey"]
[Black "Chigaev,M"]
[Result "1/2-1/2"]
[WhiteElo "2752"]
[BlackElo "2619"]

1.e4 e5 2.Nf3 Nc6 3.Bb5 a6 4.Ba4 Nf6 5.O-O Be7 6.Re1 b5 7.Bb3 O-O 8.a4 b4
9.a5 d6 10.c3 Rb8 11.Bc4 h6 12.d4 bxc3 13.Nxc3 Bg4 14.dxe5 dxe5 15.Bxa6 Qxd1
16.Rxd1 Ra8 17.Bb7 Rxa5 18.Be3 Rxa1 19.Rxa1 Nd8 20.Nd5 Nxd5 21.Bxd5 Bxf3
22.gxf3 Ne6 23.b3 Bd6 24.Ra4 Rb8 25.Ba7 Rd8 26.Be3 Rb8 27.Ba7 Rd8 28.Be3 Rb8  1/2-1/2

[Event "73rd ch-RUS 2020"]
[Site "Moscow RUS"]
[Date "2020.12.08"]
[Round "4.2"]
[White "Matlakov,M"]
[Black "Esipenko,Andrey"]
[Result "1/2-1/2"]
[WhiteElo "2698"]
[BlackElo "2686"]

1.d4 Nf6 2.c4 e6 3.g3 d5 4.Bg2 Be7 5.Nf3 O-O 6.b3 b6 7.O-O Bb7 8.Nc3 Nbd7
9.Bb2 c5 10.Ne1 Ne4 11.cxd5 exd5 12.Nc2 Ndf6 13.Nxe4 Nxe4 14.dxc5 bxc5 15.Bxe4 dxe4
16.Ne3 Qc8 17.Qc2 Qe6 18.Rfd1 Rfd8 19.Qc4 Qxc4 20.Nxc4 f6 21.Kf1 Kf7 22.Na5 Bd5
23.Rac1 Rac8 24.Ba3 Ke6 25.Rd2 Rd7 26.Rdc2 Rdc7 27.Nc4 Bc6 28.Nd2 Bd5 29.Nc4 Bc6
30.Nd2 Bd5 31.Nc4  1/2-1/2

[Event "73rd ch-RUS 2020"]
[Site "Moscow RUS"]
[Date "2020.12.08"]
[Round "4.4"]
[White "Artemiev,V"]
[Black "Fedoseev,Vl3"]
[Result "1/2-1/2"]
[WhiteElo "2711"]
[BlackElo "2674"]

1.c4 e5 2.Nc3 Nf6 3.Nf3 Nc6 4.a3 d5 5.cxd5 Nxd5 6.Qc2 Nxc3 7.bxc3 Bd6 8.g3 Qe7
9.d3 O-O 10.Bg2 Bd7 11.O-O Rae8 12.Nd2 Kh8 13.Bb2 f5 14.c4 f4 15.Ne4 Qf7
16.Rad1 Be7 17.Kh1 Bg4 18.Bf3 Bxf3+ 19.exf3 Rd8 20.Rd2 Rd7 21.Kg2 Qe6 22.Re1 Rfd8
23.Red1 b6 24.Qa4 Qg6 25.Qb5 Qe6 26.Qa4 a5 27.c5 Nd4 28.cxb6 cxb6 29.Qc4 Qg6
30.Bxd4 Rxd4 31.Qb3 a4 32.Qb2 h6 33.Rb1 Qe6 34.Qxb6 Qxb6 35.Rxb6 Bxa3 36.Ra6 Bb4
37.Rc2 a3 38.Rc7 R4d7 39.Rc4 Be7 40.Nc5 Rd5 41.Ne4 Rxd3 42.Rcc6 R3d5 43.Re6 Bb4
44.Reb6 Bf8 45.g4 Kg8 46.h4 Rd1 47.g5 h5 48.g6 Rc8 49.Ng5 Ra1 50.Rb7 Rcc1
51.Nh3 Rab1 52.Rf7 Rc8 53.Ng5 Rcc1 54.Nh3 Rb8 55.Ng5 Re8 56.Rfa7 Rec8 57.Ne6 R1c6
58.Nxf8 Kxf8 59.Rxc6 Rxc6 60.Rxa3 Rxg6+ 61.Kf1 Kf7 62.Ra7+ Ke6 63.Ra8 Rf6
64.Rh8 g6 65.Kg2 Kf5 66.Rg8 Rf7 67.Kg1 e4 68.Kg2 Re7 69.Rf8+ Ke5 70.fxe4 Kxe4
71.Ra8 Rd7 72.Ra6 Rd1 73.Rxg6 f3+ 74.Kh2 Rf1 75.Re6+ Kf4 76.Rf6+ Kg4 77.Rg6+ Kxh4
78.Rg4+ hxg4  1/2-1/2

[Event "73rd ch-RUS 2020"]
[Site "Moscow RUS"]
[Date "2020.12.08"]
[Round "4.5"]
[White "Antipov,M2"]
[Black "Nepomniachtchi,I"]
[Result "0-1"]
[WhiteElo "2611"]
[BlackElo "2784"]

1.e4 c5 2.Nf3 d6 3.d4 cxd4 4.Nxd4 Nf6 5.Nc3 a6 6.a3 e5 7.Nf3 h6 8.Bc4 Be6
9.Bb3 Nc6 10.O-O Rc8 11.h3 Be7 12.Nh2 O-O 13.Ng4 Nxg4 14.hxg4 Bg5 15.Nd5 Nd4
16.c3 Bxc1 17.Rxc1 Nxb3 18.Qxb3 Bxg4 19.Qxb7 Rb8 20.Qxa6 Rxb2 21.Rb1 Be2
22.Qc6 Rd2 23.Rfe1 Qg5 24.Rxe2 Rxe2 25.Qxd6 Re8 26.Qd7 Re6 27.g3 Qh5 28.Kg2 Kh7
29.Qd8 Qg4 30.Rb4 Rg6  0-1

[Event "73rd ch-RUS 2020"]
[Site "Moscow RUS"]
[Date "2020.12.09"]
[Round "5.6"]
[White "Chigaev,M"]
[Black "Matlakov,M"]
[Result "0-1"]
[WhiteElo "2619"]
[BlackElo "2698"]

1.e4 c5 2.Nf3 d6 3.d4 cxd4 4.Nxd4 Nf6 5.Nc3 a6 6.Be3 e5 7.Nf3 Be7 8.Bc4 O-O
9.O-O Nc6 10.Bb3 h6 11.Nh4 Na5 12.Ng6 Nxb3 13.Nxe7+ Qxe7 14.axb3 b5 15.Nd5 Nxd5
16.Qxd5 Be6 17.Qd3 Qc7 18.Rfc1 Rfc8 19.Bd2 Qc6 20.h3 f6 21.c4 bxc4 22.bxc4 Bxc4
23.Qg3 Qxe4 24.Bxh6 Qh7 25.Qg4 f5 26.Qd1 d5 27.Bg5 Qg6 28.b3 Qxg5 29.bxc4 d4
30.c5 Rc6 31.Rc4 Rac8 32.Rac1 Kh7 33.g3 Rd8 34.Qa4 Qf6 35.Rd1 Rd5 36.Qb4 Qh6
37.h4 Qh5 38.Rd2 d3 39.Qa4 Qh6 40.g4 Rdxc5 41.Rxc5 Rxc5 42.g5 Qh5 43.Rxd3 Rc1+
44.Kh2 Qe2 45.Rg3 f4 46.Rg2 Qe1 47.Kh3 Qh1+  0-1

[Event "73rd ch-RUS 2020"]
[Site "Moscow RUS"]
[Date "2020.12.09"]
[Round "5.5"]
[White "Esipenko,Andrey"]
[Black "Svidler,P"]
[Result "1/2-1/2"]
[WhiteElo "2686"]
[BlackElo "2723"]

1.d4 Nf6 2.c4 g6 3.Nf3 Bg7 4.Nc3 d5 5.h4 dxc4 6.e4 c5 7.d5 b5 8.h5 O-O 9.hxg6 fxg6
10.e5 Ng4 11.d6 e6 12.Rxh7 Rf5 13.Ne4 Nd7 14.Bg5 Qe8 15.Be7 Ngxe5 16.Nfg5 Bb7
17.Qc2 Nc6 18.Rxg7+ Kxg7 19.Qc3+ e5 20.Ne6+ Kg8 21.Nc7 Qf7 22.Nxa8 Nxe7 23.dxe7 Bxe4
24.Nc7 Qxe7 25.Nxb5 Nb6 26.Rd1 Qh4 27.g3 Qh2 28.Rd8+ Kh7 29.Qe3 Bd3 30.Qxc5 Rf7
31.Rf8 Rxf8 32.Qxf8 Qh1 33.Qe7+ Kh6 34.Qf8+ Kh7 35.Qe7+ Kh6 36.Qf8+ Kh7 37.Qe7+  1/2-1/2

[Event "73rd ch-RUS 2020"]
[Site "Moscow RUS"]
[Date "2020.12.09"]
[Round "5.3"]
[White "Fedoseev,Vl3"]
[Black "Antipov,M2"]
[Result "1/2-1/2"]
[WhiteElo "2674"]
[BlackElo "2611"]

1.d4 Nf6 2.c4 g6 3.Nf3 Bg7 4.e3 O-O 5.Be2 d6 6.Nc3 Re8 7.e4 e6 8.Be3 Nc6
9.O-O e5 10.d5 Nd4 11.Nxd4 exd4 12.Bxd4 Nxe4 13.Bxg7 Kxg7 14.Qd4+ Qf6 15.Qxf6+ Kxf6
16.Nb5 Re7 17.f3 Nc5 18.Rfe1 Bd7 19.Nc3 Rae8 20.Kf2 Na4 21.Nxa4 Bxa4 22.b3 Bd7
23.Rad1 a5 24.Rd2 h5 25.Rc1 b6 26.Rc3 Kg5 27.h4+ Kf6 28.a3 Ra8 29.Bd1 Rae8
30.Be2 Ra8 31.Rc1 Rae8 32.Rc3  1/2-1/2

[Event "73rd ch-RUS 2020"]
[Site "Moscow RUS"]
[Date "2020.12.09"]
[Round "5.1"]
[White "Goganov,A"]
[Black "Karjakin,Sergey"]
[Result "1/2-1/2"]
[WhiteElo "2594"]
[BlackElo "2752"]

1.d4 Nf6 2.c4 e6 3.g3 d5 4.Bg2 dxc4 5.Qa4+ Nbd7 6.Nh3 c5 7.dxc5 Bxc5 8.O-O O-O
9.Qxc4 Qe7 10.Nc3 h6 11.Nf4 Ne5 12.Qb3 Rb8 13.Ne4 Nxe4 14.Bxe4 b6 15.Be3 Bxe3
16.Qxe3 Ng4 17.Qb3 Nf6 18.Bf3 Bb7 19.Bxb7 Qxb7 20.Rfd1 Rfd8 21.Rxd8+ Rxd8
22.Rd1 Rxd1+ 23.Qxd1 Qc7 24.Nd3 Qc4 25.a3 Nd5 26.Qd2 f6 27.Nf4 Nxf4 28.gxf4 Kh7
29.f3 Kg6 30.Kg2 Kh5 31.e4 g5 32.fxg5 fxg5 33.Qd6 Qe2+ 34.Kg3 Qe1+ 35.Kg2 Kh4
36.Qg3+ Qxg3+ 37.hxg3+ Kh5 38.g4+ Kg6 39.a4 a6 40.Kf2 e5 41.b4 b5 42.axb5 axb5  1/2-1/2

[Event "73rd ch-RUS 2020"]
[Site "Moscow RUS"]
[Date "2020.12.10"]
[Round "6.1"]
[White "Karjakin,Sergey"]
[Black "Matlakov,M"]
[Result "1-0"]
[WhiteElo "2752"]
[BlackElo "2698"]

1.d4 Nf6 2.c4 e6 3.Nf3 d5 4.g3 Bb4+ 5.Bd2 a5 6.Bg2 O-O 7.Qc2 c5 8.cxd5 cxd4
9.Nxd4 Qb6 10.e3 exd5 11.O-O Nc6 12.Nxc6 bxc6 13.Rc1 Be6 14.Qxc6 Bxd2 15.Qxb6 Bxc1
16.Qd4 Rfb8 17.b3 Rb4 18.Qd3 Bb2 19.a3 Bxa1 20.axb4 axb4 21.h3 h6 22.f4 Rc8
23.Nd2 Rc1+ 24.Nf1 Bc3 25.f5 Bd7 26.Bxd5 Be5 27.g4 Rc3 28.Qa6 Nxd5 29.Qa8+ Bc8
30.Qxd5 Bf6 31.Nd2 Rc1+ 32.Kh2 Rd1 33.Kg3 Bc3 34.Qd8+ Kh7 35.Qxc8 Rxd2 36.Qe8 f6
37.h4 Rd1 38.Kg2 Rd2+ 39.Kf3 Rd5 40.Qg6+ Kh8 41.g5 hxg5 42.hxg5 fxg5 43.f6 g4+
44.Kf4  1-0

[Event "73rd ch-RUS 2020"]
[Site "Moscow RUS"]
[Date "2020.12.10"]
[Round "6.2"]
[White "Svidler,P"]
[Black "Chigaev,M"]
[Result "1/2-1/2"]
[WhiteElo "2723"]
[BlackElo "2619"]

1.e4 e5 2.Nf3 Nc6 3.Bb5 a6 4.Ba4 Nf6 5.O-O Be7 6.d3 d6 7.c3 O-O 8.Nbd2 Re8
9.Re1 Bf8 10.d4 b5 11.Bc2 exd4 12.cxd4 Bg4 13.Nf1 Bxf3 14.gxf3 Nh5 15.Ng3 Qh4
16.Be3 g6 17.Rc1 Nb4 18.Bb3 c5 19.a3 Nc6 20.Bd5 Rac8 21.dxc5 dxc5 22.Nxh5 Qxh5
23.f4 Qxd1 24.Rexd1 c4 25.Kg2 Na5 26.Rc2 Nb3 27.Bb7 Rb8 28.Rd7 Bc5 29.Rc7 Bd6
30.Rd7 Bc5 31.Rc7 Bd6 32.Rd7  1/2-1/2

[Event "73rd ch-RUS 2020"]
[Site "Moscow RUS"]
[Date "2020.12.10"]
[Round "6.3"]
[White "Artemiev,V"]
[Black "Esipenko,Andrey"]
[Result "1-0"]
[WhiteElo "2711"]
[BlackElo "2686"]

1.Nf3 d5 2.g3 Nf6 3.Bg2 e6 4.O-O Be7 5.d3 O-O 6.Bf4 c5 7.e4 Nc6 8.Ne5 Nxe5
9.Bxe5 Nd7 10.Bf4 d4 11.a4 e5 12.Bd2 Nb8 13.Na3 Nc6 14.f4 exf4 15.gxf4 f5
16.Nc4 Be6 17.a5 Qd7 18.exf5 Bd5 19.Ne5 Nxe5 20.Bxd5+ Qxd5 21.fxe5 Qxe5 22.Qf3 Rad8
23.Qxb7 Rxf5 24.Rfe1 Qf6 25.Rxe7 Rf8 26.Ree1 Qg6+ 27.Kh1 Rf2 28.Qd5+ Kh8
29.Rg1 Qe8 30.Rg2  1-0

[Event "73rd ch-RUS 2020"]
[Site "Moscow RUS"]
[Date "2020.12.10"]
[Round "6.6"]
[White "Goganov,A"]
[Black "Nepomniachtchi,I"]
[Result "0-1"]
[WhiteElo "2594"]
[BlackElo "2784"]

1.d4 Nf6 2.c4 e6 3.Nc3 d5 4.Nf3 dxc4 5.e4 b5 6.e5 Nd5 7.Nxb5 Nb6 8.Be2 Nc6
9.O-O Be7 10.Qd2 O-O 11.Qf4 Rb8 12.Qg3 Kh8 13.Rd1 Nb4 14.Nc3 Bb7 15.Rb1 N4d5
16.Bd2 Nxc3 17.Bxc3 Bd5 18.b3 Be4 19.Ra1 Nd5 20.Be1 c3 21.Bd3 Bxd3 22.Rxd3 Ba3
23.Bxc3 Nxc3 24.Rxc3 Bb2 25.Rac1 c5 26.Rxc5 Bxc1 27.Rxc1 Qa5 28.h4 Qxa2 29.Qf4 Qxb3
30.Ng5 h6 31.Ne4 Rbc8 32.Re1 Qb4 33.Rd1 Rcd8 34.Qe3 a5 35.g4 a4 36.g5 h5
37.Nf6 g6 38.Kh2 Qb3 39.Rd3 Qc2 40.Rc3 Qf5 41.Ra3 Ra8 42.d5 exd5 43.Qd4 Qe6
44.f4 Rfc8 45.f5 Qxf5 46.Nxd5 Qe6  0-1

[Event "73rd ch-RUS 2020"]
[Site "Moscow RUS"]
[Date "2020.12.12"]
[Round "7.5"]
[White "Chigaev,M"]
[Black "Artemiev,V"]
[Result "1-0"]
[WhiteElo "2619"]
[BlackElo "2711"]

1.e4 c5 2.Nf3 d6 3.d4 cxd4 4.Nxd4 Nf6 5.Nc3 Nc6 6.Bg5 Bd7 7.Qd2 a6 8.O-O-O e6
9.f4 Be7 10.Nf3 b5 11.Bxf6 gxf6 12.Kb1 Qb6 13.g3 O-O-O 14.Bh3 Kb8 15.f5 Rhe8
16.fxe6 fxe6 17.Qh6 Qc5 18.Ne2 Rc8 19.Nf4 Qc4 20.Nd2 Qa4 21.c3 b4 22.b3 Qb5
23.c4 Qg5 24.Qh5 Nd4 25.Rhf1 Qxh5 26.Nxh5 Rc5 27.Nxf6 Bxf6 28.Rxf6 Ne2 29.Rh1 Ra5
30.Kb2 Nc3 31.a4 Re5 32.Bg4 Nxe4 33.Nxe4 Rxe4 34.Bf3 Rd4 35.Rd1 Rxd1 36.Bxd1 Re7
37.Bc2 Kc7 38.Rh6 Rf7 39.Rxh7 Rf2 40.Kc1 Kc8 41.h4 e5 42.Bd1 e4 43.Re7 Bc6
44.h5 Rh2 45.a5 Kd8 46.Re6 Kc7 47.h6 d5 48.cxd5 Bxd5 49.Re5 Bg8 50.Rh5 Rxh5
51.Bxh5 Bh7 52.g4  1-0

[Event "73rd ch-RUS 2020"]
[Site "Moscow RUS"]
[Date "2020.12.12"]
[Round "7.6"]
[White "Matlakov,M"]
[Black "Svidler,P"]
[Result "1/2-1/2"]
[WhiteElo "2698"]
[BlackElo "2723"]

1.d4 Nf6 2.c4 g6 3.Nc3 d5 4.Nf3 Bg7 5.Qb3 dxc4 6.Qxc4 O-O 7.e4 a6 8.Be2 b5
9.Qb3 c5 10.dxc5 Be6 11.Qc2 Nbd7 12.Be3 Rc8 13.Rd1 b4 14.Nd5 Bxd5 15.exd5 Nxc5
16.O-O Nce4 17.Qd3 Qd6 18.Qxa6 Qxa6 19.Bxa6 Rc2 20.Ne5 Rxb2 21.Bc4 Nc3 22.d6 exd6
23.Rxd6 Nfe4 24.Nxf7 Nxd6 25.Nxd6+ Kh8 26.Nf7+ Kg8 27.Nd6+ Kh8 28.Nf7+ Kg8
29.Nd6+  1/2-1/2

[Event "73rd ch-RUS 2020"]
[Site "Moscow RUS"]
[Date "2020.12.12"]
[Round "7.2"]
[White "Fedoseev,Vl3"]
[Black "Goganov,A"]
[Result "1/2-1/2"]
[WhiteElo "2674"]
[BlackElo "2594"]

1.d4 Nf6 2.Bg5 d5 3.e3 e6 4.Bd3 c5 5.c3 Nc6 6.Nf3 Be7 7.Nbd2 b6 8.Ne5 Nxe5
9.dxe5 Nd7 10.Bxe7 Qxe7 11.f4 Qh4+ 12.g3 Qe7 13.e4 c4 14.Bc2 Bb7 15.Qe2 Nc5
16.O-O b5 17.exd5 Bxd5 18.b4 Nd3 19.Bxd3 cxd3 20.Qxd3 O-O 21.Qxb5 Rfc8 22.Qd3 Qc7
23.c4 Bxc4 24.Nxc4 Qxc4 25.Qxc4 Rxc4 26.a3 Rac8 27.Rf3 Rd8 28.Ra2 h5 29.Kg2 Kh7
30.Rff2 Kg6 31.Rac2 Rxc2 32.Rxc2 Rd3 33.a4 Rd4 34.Rb2 Kf5 35.a5 a6 36.Kf3 Rd3+
37.Ke2 Ra3 38.Rc2 h4 39.gxh4 Kxf4 40.Rc7 Kxe5 41.Rxf7 Rh3 42.Rxg7 Rxh4 43.Ra7 Rxb4
44.Kf3 Kf5 45.Rxa6 Rb3+ 46.Kf2 Rb2+ 47.Kg3 Rb3+ 48.Kf2 Rb2+ 49.Kg3 Rb3+ 50.Kf2  1/2-1/2

[Event "73rd ch-RUS 2020"]
[Site "Moscow RUS"]
[Date "2020.12.12"]
[Round "7.1"]
[White "Nepomniachtchi,I"]
[Black "Karjakin,Sergey"]
[Result "1-0"]
[WhiteElo "2784"]
[BlackElo "2752"]

1.d4 Nf6 2.c4 e6 3.Nc3 Bb4 4.f3 d5 5.a3 Be7 6.e4 dxe4 7.fxe4 c5 8.d5 exd5
9.exd5 O-O 10.Be2 Re8 11.Nf3 Bg4 12.O-O Nbd7 13.d6 Bf8 14.h3 Bh5 15.Bf4 Qb6
16.b3 Rad8 17.Ra2 h6 18.a4 Bxf3 19.Bxf3 Ne5 20.Nb5 Bxd6 21.a5 Qa6 22.Rd2 Nxf3+
23.Rxf3 Ne4 24.Nxd6 Nxd2 25.Qxd2 Re6 26.Rd3 b6 27.Nf5 Rxd3 28.Qxd3 Qb7 29.Qd5 Qxd5
30.cxd5 Re1+ 31.Kf2 Rd1 32.Ke2  1-0

[Event "73rd ch-RUS 2020"]
[Site "Moscow RUS"]
[Date "2020.12.13"]
[Round "8.1"]
[White "Karjakin,Sergey"]
[Black "Svidler,P"]
[Result "1-0"]
[WhiteElo "2752"]
[BlackElo "2723"]

1.e4 c5 2.Nf3 d6 3.d4 cxd4 4.Nxd4 Nf6 5.Nc3 a6 6.Bg5 e6 7.f4 Qc7 8.Bxf6 gxf6
9.Qd2 Nc6 10.O-O-O b5 11.Kb1 Nxd4 12.Qxd4 Be7 13.f5 Bd7 14.Qd2 O-O-O 15.Ne2 d5
16.exd5 Bc6 17.Qe3 Bxd5 18.Nc3 Bb7 19.Bd3 Kb8 20.fxe6 Bc5 21.Qh3 fxe6 22.Qxe6 Bd4
23.Be4 Bxc3 24.Bxb7 Kxb7 25.bxc3 Qxc3 26.Qe7+ Kc8 27.a3 Rhe8 28.Qxh7 Qxa3
29.Qf5+ Kc7 30.Qf4+ Kb7 31.Qxf6 Qb4+ 32.Qb2 Qg4 33.Rxd8 Rxd8 34.Re1 Qxg2
35.Re7+ Ka8 36.Qf6 Qg1+ 37.Ka2 Qg8+ 38.Rf7  1-0

[Event "73rd ch-RUS 2020"]
[Site "Moscow RUS"]
[Date "2020.12.13"]
[Round "8.6"]
[White "Nepomniachtchi,I"]
[Black "Fedoseev,Vl3"]
[Result "1/2-1/2"]
[WhiteElo "2784"]
[BlackElo "2674"]

1.e4 c5 2.Nf3 d6 3.Bb5+ Nd7 4.a4 Nf6 5.Nc3 a6 6.Be2 b6 7.d4 cxd4 8.Qxd4 Bb7
9.O-O e5 10.Qe3 Qc7 11.Rd1 Be7 12.Nd2 O-O 13.Nb3 Rfd8 14.Bf3 Bc6 15.Qe2 h6
16.g3 b5 17.axb5 axb5 18.Rxa8 Rxa8 19.Nxb5 Bxb5 20.Qxb5 Qxc2 21.Qd3 Qxd3
22.Rxd3 Ra4 23.Rc3 Nxe4 24.Rc7 Nef6 25.Bc6 Rb4 26.Bxd7 Rxb3 27.Ba4 Rb4 28.Bc2 Bf8
29.Rc8 g5 30.h4 Kg7 31.hxg5 hxg5 32.Bxg5 Rxb2 33.Bf5 Nd5 34.Be4 Rb5 35.Rd8 Nc3
36.Bd3 Rd5 37.Bf5 e4 38.g4 Ne2+ 39.Kg2 Nd4 40.Bf4 Nxf5 41.gxf5 f6 42.Re8 Rxf5
43.Rxe4 Kf7 44.Ra4 Rb5 45.Kf3 d5 46.Ra6 Bc5 47.Rc6 Rb3+ 48.Kg4 Be7 49.Kf5 Rf3
50.Rc7 Rxf2 51.Rd7  1/2-1/2

[Event "73rd ch-RUS 2020"]
[Site "Moscow RUS"]
[Date "2020.12.13"]
[Round "8.2"]
[White "Artemiev,V"]
[Black "Matlakov,M"]
[Result "1-0"]
[WhiteElo "2711"]
[BlackElo "2698"]

1.b3 d5 2.Bb2 Bf5 3.d3 Nd7 4.Nd2 Ngf6 5.Ngf3 c6 6.Nh4 Bg6 7.Nxg6 hxg6 8.g3 e5
9.Bg2 Bc5 10.e3 O-O 11.O-O a5 12.c4 d4 13.exd4 Bxd4 14.Bxd4 exd4 15.Nf3 Qb6
16.Re1 a4 17.Rb1 axb3 18.axb3 c5 19.Qd2 Ra3 20.b4 cxb4 21.Rxb4 Qd6 22.Bf1 Nc5
23.Rb5 b6 24.Qd1 Nfd7 25.h4 Rfa8 26.Rb2 Qf6 27.Ng5 Ne5 28.Rd2 Qf5 29.Bh3 Qf6
30.Bg2 Rf8 31.Ne4 Nxe4 32.Bxe4 Nd7 33.Qb1 Nc5 34.Bd5 Rb3 35.Qd1 Qf5 36.Be4 Qf6
37.Ra2 Rc3 38.Ra7 g5 39.Bd5 gxh4 40.Rxf7 Rxf7 41.Re8+ Kh7 42.Qh5+ Qh6 43.Qxf7  1-0